Nhập môn cơ học lượng tử T1

Zapisane w:
Opis bibliograficzny
1. autor: Hoàng, Dũng
Format: Książka
Język:Undetermined
Wydane: H. Giáo dục 1999
Hasła przedmiotowe:
Dostęp online:http://lrc.tdmu.edu.vn/opac/search/detail.asp?aID=2&ID=4071
Etykiety: Dodaj etykietę
Nie ma etykietki, Dołącz pierwszą etykiete!
Thư viện lưu trữ: Trung tâm Học liệu Trường Đại học Thủ Dầu Một
LEADER 00594nam a2200205Ia 4500
001 TDMU_4071
008 210410s9999 xx 000 0 und d
082 |a 530.12 
090 |b H6508 
100 |a Hoàng, Dũng 
245 0 |a Nhập môn cơ học lượng tử 
245 0 |c Hoàng Dũng 
245 0 |n T1 
260 |a H. 
260 |b Giáo dục 
260 |c 1999 
300 |a 339tr. 
650 |a Cơ học lượng tử 
856 |u http://lrc.tdmu.edu.vn/opac/search/detail.asp?aID=2&ID=4071 
980 |a Trung tâm Học liệu Trường Đại học Thủ Dầu Một